Житие святой великомученицы Ирины (5/18 мая) (Запись № 1635773)

Подробности
000 -МАРКЕР
контрольное поле 01826nam0a2200361 4500
001 - ИДЕНТИФИКАТОР ЗАПИСИ
контрольное поле RU\NLR\bibl\1190858
005 - ИДЕНТИФИКАТОР ВЕРСИИ
контрольное поле 20260406055910.0
010 ## - МЕЖДУНАРОДНЫЙ СТАНДАРТНЫЙ НОМЕР КНИГИ (ISBN)
Номер (ISBN) 5-86544-008-X
Тираж 150000
021 ## - НОМЕР ГОСУДАРСТВЕННОЙ РЕГИСТРАЦИИ
Код страны Российская Федерация
Номер 2007-93564
Номер Листа государственной регистраци 5050
035 ## - ДРУГИЕ СИСТЕМНЫЕ НОМЕРА
Идентификатор записи (NLR Aleph) 001177412
100 ## - ДАННЫЕ ОБЩЕЙ ОБРАБОТКИ
Данные общей обработки 20080220d1998 |||y0rusy50 ca
101 0# - ЯЗЫК РЕСУРСА
Язык текста, звукозаписи и т.д. русский
102 ## - СТРАНА ПУБЛИКАЦИИ ИЛИ ПРОИЗВОДСТВА
Страна публикации Российская Федерация
105 ## - ПОЛЕ КОДИРОВАННЫХ ДАННЫХ: ТЕКСТОВЫЕ МАТЕРИАЛЫ, МОНОГРАФИЧЕСКИЕ
Кодированные данные о монографическом текстовом документе y |||||||||
200 1# - ЗАГЛАВИЕ И СВЕДЕНИЯ ОБ ОТВЕТСТВЕННОСТИ
Основное заглавие Житие святой великомученицы Ирины (5/18 мая)
210 ## - ПУБЛИКАЦИЯ, РАСПРОСТРАНЕНИЕ И ДР.
Место издания, распространения и т.д. Москва
Имя издателя, распространителя и т. д. Скиния
Дата издания, распространения и т.д. 1998
215 ## - ФИЗИЧЕСКАЯ ХАРАКТЕРИСТИКА
Специфическое обозначение материала и объем 30, [1] c.
Другие сведения о физической характеристике ил.
Размеры 19
300 ## - ОБЩИЕ ПРИМЕЧАНИЯ
Текст примечания Загл. обл.: Святая великомученица Ирина. Святая великомученица Татьяна
423 #0 - ИЗДАЕТСЯ В ОДНОЙ ОБЛОЖКЕ ВМЕСТЕ С ...
Встроенное поле 2001#$aЖитие святой мученицы Татьяны (12/25 января)$f[к сб. в целом: отв. ред. игум. Владимир Зорин]
-- 215##$aС. 25-30
Заглавие Житие святой мученицы Татьяны (12/25 января)
512 1# - ЗАГЛАВИЕ ОБЛОЖКИ
Заглавие обложки Святая великомученица Ирина. Святая великомученица Татьяна
600 #0 - ИМЯ ЛИЦА КАК ПРЕДМЕТ
Начальный элемент ввода Ирина Македонская
Дополнения к именам, кроме дат святая
Даты 1 в.
Системный номер авторитетной/нормативной записи 2408748
Идентификатор авторитетной/нормативной записи RU\NLR\auth\661435335
600 #0 - ИМЯ ЛИЦА КАК ПРЕДМЕТ
Начальный элемент ввода Татиана
Дополнения к именам, кроме дат святая
Даты 200 - ок. 225
Системный номер авторитетной/нормативной записи 2063117
Идентификатор авторитетной/нормативной записи RU\NLR\auth\661237466
686 ## - ИНДЕКСЫ ДРУГИХ КЛАССИФИКАЦИЙ
Индекс Э372.24-574.8
702 #0 - ИМЯ ЛИЦА - ВТОРИЧНАЯ ОТВЕТСТВЕННОСТЬ
Код отношения Редактор
Графика поля Кириллица
Материалы, к которым относится поле rus
Начальный элемент ввода Владимир
Дополнения к именам, кроме дат Зорин
-- архимандрит
Системный номер авторитетной/нормативной записи 46157
Идентификатор авторитетной/нормативной записи RU\NLR\auth\7763227
702 #0 - ИМЯ ЛИЦА - ВТОРИЧНАЯ ОТВЕТСТВЕННОСТЬ
Код отношения Прочие
Графика поля Кириллица
Материалы, к которым относится поле rus
Начальный элемент ввода Ирина Македонская
Дополнения к именам, кроме дат святая
Даты 1 в.
Системный номер авторитетной/нормативной записи 47460
Идентификатор авторитетной/нормативной записи RU\NLR\auth\7764531
702 #0 - ИМЯ ЛИЦА - ВТОРИЧНАЯ ОТВЕТСТВЕННОСТЬ
Код отношения Прочие
Графика поля Кириллица
Материалы, к которым относится поле rus
Начальный элемент ввода Татиана
Дополнения к именам, кроме дат святая
Даты 200-ок.225
Системный номер авторитетной/нормативной записи 119982
Идентификатор авторитетной/нормативной записи RU\NLR\AUTH\7710200
801 #0 - ИСТОЧНИК ЗАПИСИ
Страна Российская Федерация
Организация NLR
Дата составления 20080220
Правила каталогизации RCR
801 #1 - ИСТОЧНИК ЗАПИСИ
Страна Российская Федерация
Организация NLR
Дата составления 20080220
942 ## - ДОПОЛНИТЕЛЬНЫЕ ЭЛЕМЕНТЫ ЗАПИСИ (АБИС)
Тип экземпляра АБИС Книга
980 ## - КОЛЛЕКЦИЯ
Название коллекции Национальная библиография
Экземпляры
Тип экземпляра Дата поступления Источник поступления Библиотека постоянного хранения Библиотека текущего хранения Место хранения Шифр хранения Штрих-код Статус экземпляра
Книга 20.02.2008 Обязательный экземпляр РНБ (Московский) РНБ (Московский) Русский книжный фонд: издания с 1957 года 2008-4/2768 2611765  
Книга 20.02.2008 Обязательный экземпляр РНБ (Московский) РНБ (Московский) Обменный фонд   2611766